000 00647nam a2200181Ia 4500
008 100917s9999 xx 000 0 und d
082 _b27199
100 _aअदवंत म. ना. व खांडेकर भा.
245 _aज्ञानेश्वरी अध्याय 9 वा
260 _bअनमोल प्रकाशन
_c1975
300 _a174
365 _b10
520 _aअध्यात्म
630 _aज्ञानेश्वरी अध्याय 9 वा
650 _aअध्यात्म
730 _aज्ञानेश्वरी अध्याय 9 वा
942 _cBOOK
999 _c632593
_d632590